| 000 | 00931nam a22002657a 4500 | ||
|---|---|---|---|
| 005 | 20110905145155.0 | ||
| 008 | 110905t xxu||||| |||| 00| 0 eng d | ||
| 010 | _aENG-103621 | ||
| 020 |
_a8188965502 _c500.00 |
||
| 035 | _aEN-87154 | ||
| 037 | _bDBAD/PUB | ||
| 040 |
_aDPL _bEng |
||
| 082 | _a921 | ||
| 100 | _934250 | ||
| 245 |
_aThe scattered leaves of my life : _ctranslated, edited and introduced by Sikata Banerjee _ban Indian nationalist remembers : Saraladebi Chaudhurani / |
||
| 260 |
_aNew Delhi _bWomen Unlimited _c2011 |
||
| 270 |
_aK-36, Haus Khas Enclave _bNew Delhi _e110016 |
||
| 300 |
_aL,195p. _c22cm (Hb) |
||
| 500 | _aIncludes bibliographical references | ||
| 610 | _934253 | ||
| 650 | _934251 | ||
| 700 |
_934258 _aBanerjee, Sikata |
||
| 942 |
_2ddc _cEN _h921 _mSAR |
||
| 999 |
_c56315 _d56315 |
||